00532nam a2200193 a 4500001001300000003000900013005001700022008004100039020001200080082001900092100002200111245004000133260003700173300000900210500003500219505004300254650001900297700002200316nice12345678IN_TiNIC20260116012416.0050524s1962 newa grp 000 0 eng  ac78.7500a266.00951bHOC aHockin, Katharine aServants and God in People`s China. aNew YorkbFriendship Pressc1962 a127p aincludes index and biblioraphy2 aBibliography, Index of Bible Reference aMissions-China1 aHockin, Katharine